|
|
|
|
| LEADER |
01516Cam#a2200409#a#4500 |
| 001 |
021868 |
| 003 |
AR-BeUNQ |
| 005 |
20190508121636.0 |
| 008 |
100818s2003####ag | f#m #000|0#spa#d |
| 999 |
|
|
|c 1139
|d 76526
|
| 040 |
|
|
|a AR-BeUNQ
|e aacr
|
| 082 |
0 |
4 |
|a 306.485
|2 21
|
| 100 |
1 |
|
|a Sica, Fernando G
|
| 245 |
0 |
3 |
|a La imagen de la ciencia en los documentales televisivos
|c Fernando G. Sica.
|
| 260 |
|
|
|c 2003.
|
| 300 |
|
|
|a 172 p. ;
|c 28 cm.
|
| 500 |
|
|
|a Director de tesis: Lic. Leonardo Moledo.
|
| 500 |
|
|
|a Director de tesis: Lic. Hernán Thomas.
|
| 500 |
|
|
|a Incluye referencias.
|
| 500 |
|
|
|a Trabajo de tesis presentado para la obtención del grado de Magister en Ciencia, Tecnología y Sociedad.
|
| 502 |
|
|
|a Tesis (maestría) -- Universidad Nacional de Quilmes, 2003.
|
| 504 |
|
|
|a Bibliografía: p. 156-161.
|
| 594 |
|
|
|a MAESTRIA EN CIENCIA, TECNOLOGIA Y SOCIEDAD
|
| 650 |
|
7 |
|a Medios de comunicación de masas
|2 spines
|
| 650 |
|
7 |
|a Divulgación científica
|2 spines
|
| 650 |
|
7 |
|a Ciencia
|2 spines
|
| 650 |
|
7 |
|a Televisión
|2 toit
|
| 650 |
|
7 |
|a Sociedad
|2 toit
|
| 653 |
|
|
|a Estudios sociales de la C+T
|
| 653 |
|
|
|a Representaciones sociales
|
| 653 |
|
|
|a Comunicación pública
|
| 655 |
|
4 |
|a Tesis de maestría
|
| 700 |
1 |
|
|a Moledo, Leonardo
|e director de tesis
|4 ths
|
| 700 |
1 |
|
|a Thomas, Hernán
|e director de tesis
|4 ths
|
| 710 |
2 |
|
|a Universidad Nacional de Quilmes,
|e dgg.
|
| 929 |
|
|
|a DONACION
|b Fernando G. Sica
|d 0
|e 20100623
|f PAT0034741
|g 1572 Exp. 827-0387/98
|j 45108
|
| 942 |
|
|
|c TM
|n 0
|